000 00934nam a2200253 a 4500
001 1055
003 BR-CuiBMT
005 20231127230927.0
008 231127s2011 mgb 001 0 por d
020 _a9788577004737
040 _aBR-CuiBMT
_cBR-CuiBMT
080 _22007
_a351.712.2.02
_x(100)
090 _a351.712.2.02(100)
_bB624l
_c3. ed.
100 1 _aBittencourt, Sidney
245 _aLicitações internacionais :
_b(considerando a lei brasileira: lei n. 8.666/93 e as regras estabelecidas pelo Banco Mundial-BIRD) /
_cSidney Bittencourt ; prefácio, Marcos Juruena Villela Souto.
250 _a3. ed. rev., atual. e ampl.
260 _aBelo Horizonte :
_bFórum,
_c2011.
300 _a274 p.:
_c22 cm
504 _aInclui bibliografia e índice.
650 _aLicitação pública
_xLegislação
650 _aCompras (Serviço público)
_zBrasil
650 _aDireito internacional privado
_xContratos
942 _2udc
_cLV
999 _c1055
_d1055